Hindu women : (Record no. 123665)

MARC details
000 -LEADER
fixed length control field 00707nam a22002297a 4500
005 - DATE AND TIME OF LATEST TRANSACTION
control field 20170124105928.0
010 ## - LIBRARY OF CONGRESS CONTROL NUMBER
LC control number A-708686
020 ## - INTERNATIONAL STANDARD BOOK NUMBER
Terms of availability 00.00
International Standard Book Number 0863112293
035 ## - SYSTEM CONTROL NUMBER
System control number A-708686
037 ## - SOURCE OF ACQUISITION
Source of stock number/acquisition Cen Lib/Ret
040 ## - CATALOGING SOURCE
Original cataloging agency DPL
Language of cataloging EN
082 ## - DEWEY DECIMAL CLASSIFICATION NUMBER
Classification number 305.40954
Item number MUK
100 ## - MAIN ENTRY--PERSONAL NAME
Personal name Mukherjee, Prabhati
9 (RLIN) 7614
245 ## - TITLE STATEMENT
Title Hindu women :
Statement of responsibility, etc by Prabhati Mukherjee
Remainder of title normative models /
260 ## - PUBLICATION, DISTRIBUTION, ETC. (IMPRINT)
Place of publication, distribution, etc Hyderabad
Name of publisher, distributor, etc Orient Longman Limited
Date of publication, distribution, etc 1978
270 ## - ADDRESS
Address 3-6-272, Himayat nagar
City Hyderabad
Postal code 500029
300 ## - PHYSICAL DESCRIPTION
Extent 156p.
Dimensions 20cm(Hb)
500 ## - GENERAL NOTE
General note Includes bibliographical reference and index
650 ## - SUBJECT ADDED ENTRY--TOPICAL TERM
Topical term or geographic name as entry element Hindu women
9 (RLIN) 7615
650 ## - SUBJECT ADDED ENTRY--TOPICAL TERM
Topical term or geographic name as entry element Women - India
9 (RLIN) 97396
942 ## - ADDED ENTRY ELEMENTS (KOHA)
Source of classification or shelving scheme Dewey Decimal Classification
Koha item type English Books
Classification part 305.40954
Call number suffix MUK
Holdings
Withdrawn status Lost status Damaged status Not for loan Home library Current library Date acquired Source of acquisition Cost, normal purchase price Total Checkouts Full call number Barcode Date last seen Copy number Cost, replacement price Price effective from Koha item type Public note
Written off       Central Library Central Library 06/10/2015 Cen Lib/Ret 0.00   305.40954 MUK A-708686 11/06/2015 1 0.00 15/09/2016 English Books W/d list no. 6836/19

© Delhi Public Library
Hit Counter
free hit counter